000 00632nam a2200181 i 4500
001 128566
003 ES-MaACL
005 20260210163246.0
007 t|
008 070518s1965 sp ||||1| spa d
100 1 _aTames Alarcón, Cayetano.
_9109170
245 1 0 _aUtilización de las aguas saladas para el riego /
_cpor Cayetano Tames Alarcón.
260 _aMadrid :
_bInstituto Nacional de Investigaciones Agronómicas,
_c1965.
300 _a138 p. :
_bil. ;
_c25 cm.
710 _aInstituto Nacional de Investigaciones Agronómicas
_c(España)
_9219222
852 _aES-MaACL
_jC-29727
_bR.60370
999 _c128566
_d128566